| 000 -LEADER |
| fixed length control field |
00779nam a22002177a 4500 |
| 003 - CONTROL NUMBER IDENTIFIER |
| control field |
OSt |
| 005 - DATE AND TIME OF LATEST TRANSACTION |
| control field |
20240220085346.0 |
| 008 - FIXED-LENGTH DATA ELEMENTS--GENERAL INFORMATION |
| fixed length control field |
240220b ||||| |||| 00| 0 eng d |
| 020 ## - INTERNATIONAL STANDARD BOOK NUMBER |
| International Standard Book Number |
9780007323081 |
| 040 ## - CATALOGING SOURCE |
| Transcribing agency |
KH8 |
| 082 ## - DEWEY DECIMAL CLASSIFICATION NUMBER |
| Classification number |
FIC LEW |
| 100 ## - MAIN ENTRY--PERSONAL NAME |
| Personal name |
Lewis, C. S, |
| Dates associated with a name |
1898-1963. |
| Relator term |
author. |
| Fuller form of name |
(Clive Staples), |
| 245 ## - TITLE STATEMENT |
| Title |
The Horse and His Boy / |
| Statement of responsibility, etc. |
C.S. Lewis ; illustrated by Pauline Baynes. |
| 260 ## - PUBLICATION, DISTRIBUTION, ETC. |
| Place of publication, distribution, etc. |
New York ; |
| Name of publisher, distributor, etc. |
HarperCollins, |
| Date of publication, distribution, etc. |
c1954. |
| 300 ## - PHYSICAL DESCRIPTION |
| Extent |
240 pages: |
| Other physical details |
illustrations; |
| Dimensions |
20 cm. |
| 440 ## - SERIES STATEMENT/ADDED ENTRY--TITLE |
| Title |
The Chronicles of Narnia ; |
| Number of part/section of a work |
book. 3. |
| 520 ## - SUMMARY, ETC. |
| Summary, etc. |
A boy and a talking horse share an adventurous and dangerous journey to Narnia to warn of invading barbarians. |
| 650 ## - SUBJECT ADDED ENTRY--TOPICAL TERM |
| Topical term or geographic name entry element |
Fantasy literature |
| Form subdivision |
Juvenile. |
| 700 ## - ADDED ENTRY--PERSONAL NAME |
| Personal name |
Baynes, Pauline, |
| Dates associated with a name |
illustrator. |
| 942 ## - ADDED ENTRY ELEMENTS (KOHA) |
| Source of classification or shelving scheme |
|
| Koha item type |
Books - Fiction |